| 000 | 00574nam a2200205 i 4500 | ||
|---|---|---|---|
| 001 | 7364 | ||
| 003 | ES-MaACL | ||
| 005 | 20230906145223.0 | ||
| 007 | t| | ||
| 008 | 901218s1989 sp ||||1| spa d | ||
| 020 | _a84-291-5098-6 | ||
| 080 | _a513.83 | ||
| 100 | 1 |
_aKosniowski, Czes. _968634 |
|
| 245 | 1 | 0 |
_aTopologia algebraica / _cCzes Kosniowski. |
| 260 |
_aBarcelona [etc.] : _bReverte, _cD.L. 1989. |
||
| 300 |
_aX, 288 p. ; _c22 cm. |
||
| 500 | _aIndice alfabetico. | ||
| 650 | 1 | 4 |
_aTopologĂa algebraica. _917554 |
| 852 |
_aES-MaACL _jL-14597 _bR.118699 _z. - rust. |
||
| 999 |
_c7364 _d7364 |
||